000 00492nam a22001457a 4500
003 0
005 20221022090127.0
008 221022b xxu||||| |||| 00| 0 eng d
050 _aT58.6
_b.C84 2019
245 _aWebsite and content management system for dandergo realty
_cDiego D. Cueto
260 _aLas Pinas City, Philippines
_bSouthville International School and Colleges
_cC2019
300 _aix,79pp.
_c28cm.
_fTheses
500 _aWebsite and content management system.
942 _2lcc
_cTH
999 _c364867
_d364867